Nghi lễ vía trùa của người Mường
Trình bày nguồn gốc của nghi lễ vía trùa (tang ma) đồng thời mô tả một nghi lễ vía trùa.
Spremljeno u:
| Glavni autor: | |
|---|---|
| Format: | Knjiga |
| Jezik: | Undetermined |
| Izdano: |
Hà Nội
Dân trí
2010
|
| Teme: | |
| Oznake: |
Dodaj oznaku
Bez oznaka, Budi prvi tko označuje ovaj zapis!
|
| Thư viện lưu trữ: | Trung tâm Học liệu Trường Đại học Cần Thơ |
|---|
| LEADER | 00805nam a2200205Ia 4500 | ||
|---|---|---|---|
| 001 | CTU_165373 | ||
| 008 | 210402s9999 xx 000 0 und d | ||
| 082 | |a 393.909597 | ||
| 082 | |b Nh121 | ||
| 100 | |a Hoàng, Anh Nhân | ||
| 245 | 0 | |a Nghi lễ vía trùa của người Mường | |
| 245 | 0 | |c Hoàng Anh Nhân | |
| 260 | |a Hà Nội | ||
| 260 | |b Dân trí | ||
| 260 | |c 2010 | ||
| 520 | |a Trình bày nguồn gốc của nghi lễ vía trùa (tang ma) đồng thời mô tả một nghi lễ vía trùa. | ||
| 650 | |a Muong (Vietnamese people),Người Mường (Người Việt Nam | ||
| 650 | |x Funeral customs and rites,Nghi thức và phong tục tang lễ | ||
| 904 | |i Năm | ||
| 980 | |a Trung tâm Học liệu Trường Đại học Cần Thơ | ||